000
00228nam a22000857a 4500
008
160912b xxu||||| |||| 00| 0 eng d
100
_9
398
_a
Gupta. A.D.etal
245
_a
Junior Mathematics-1
260
_a
New Delhi
_b
B.B Publishers
_c
2011
999
_c
3057
_d
3057